Charente ou Charente-Maritime ? - Statistiques

Statistiques générales
  • Ce quiz a été pris 175 fois
  • Le résultat moyen est 29 sur 40
Statistiques - réponses
Hint Réponse % Correct
Porte le numéro 16 Charente
99%
Ses sous-préfectures sont Cognac et Confolens Charente
99%
L'île d'Aix est une commune de ce département Charente-Maritime
99%
A pour préfecture La Rochelle Charente-Maritime
99%
A pour préfecture Angoulême Charente
96%
Porte le numéro 17 Charente-Maritime
96%
Le Ruffécois est une de ses régions Charente
95%
Ses sous-préfectures sont Jonzac, Rochefort, Saintes et Saint-Jean-d'Angély Charente-Maritime
95%
On peut y visiter le musée de la Bande Dessinée Charente
93%
Le festival des Francofolies s'y déroule en juillet Charente-Maritime
93%
On y produit un alcool mondialement connu Charente
91%
C'est le lieu de tournage d'un célèbre jeu télévisé Charente-Maritime
91%
On peut y visiter Terres-de-Haute-Charente Charente
89%
4 sites du département sont inscrits au Patrimoine de l'Unesco Charente-Maritime
85%
Il culmine à 368 mètres Charente
84%
La citadelle de Brouage s'y trouve Charente-Maritime
83%
Compte 351 718 habitants en 2020 Charente
81%
Compte 655 709 d'habitants en 2020 Charente-Maritime
81%
François Mitterrand y est né et enterré Charente
79%
Il culmine à 173 mètres Charente-Maritime
79%
On peut y voir des carrelets Charente-Maritime
78%
Félix Gaillard en a été le député Charente
74%
Le festival Mifac s'y déroule en mars Charente
69%
On peut y visiter la maison de Pierre Loti Charente-Maritime
69%
En 2022, il a connu 2311 heures d'ensoleillement Charente-Maritime
69%
On y voit la tour de la Chaîne Charente-Maritime
68%
Sa préfecture est jumelée avec Essaouira au Maroc Charente-Maritime
66%
Il s'y déroule un festival du film policier Charente
64%
François Ravaillac y est né Charente
62%
Son blason porte trois fleurs de lys alignées Charente
61%
Michel Crépeau a été maire de sa préfecture Charente-Maritime
61%
Sa superficie est de 6864 km2 Charente-Maritime
58%
Sa superficie est de 5956 km2 Charente
54%
L'auteur du Roman d'un spahi y est né Charente-Maritime
54%
On peut y voir l'église monolithe St Jean Charente
49%
Sa préfecture est jumelée avec Chicoutimi au Québec Charente
49%
Le physicien Réaumur y est né Charente-Maritime
49%
Son blason porte une perdrix Charente-Maritime
46%
Le 1er Régiment d'Infanterie de Marine y tient garnison Charente
24%
En 2022, il a connu 2236 heures d'ensoleillement Charente
17%
Aucun quiz correspondant
Distribution des résultats
% des personnes avec chaque résultat
Percentile par nombre de réponses
Votre historique - résultats
Vous n’avez pas pris ce quiz